000 nam a22 7a 4500
999 _c43841
_d43841
003 OSt
005 20180227123850.0
008 180227b xxu||||| |||| 00| 0 eng d
040 _csero soft
100 _aDIWAN ,PARAS
245 _aMODERN HINDU LAW
260 _aALLAHABAD
_bALA
300 _a640
942 _2ddc
_c02